000 00260nam a2200109Ia 4500
008 200302s9999 xx 000 0 und d
100 _aWalter Bor
245 _aThe Making of Cities
260 _bLeonard Hill Books Published
260 _c1974
300 _a256 P.,
999 _c5675
_d5675